Statistics for 30 Greatest Female Musical Acts

Click here to take the quiz!

General Stats

  • This quiz has been taken 190 times
  • The average score is 10 of 30

Answer Stats

Hint Hit SongGreat female artists% Correct
Back to blackAmy Winehouse
83%
JoleneDolly Parton
80%
True colorsCyndi Lauper
66%
Into the grooveMadonna
66%
ChandelierSia
66%
Fallin'Alicia Keys
60%
Running up that hillKate Bush
56%
Sound of musicJulie Andrews
48%
DirtyChristina Aguilera
47%
Woman in loveBarbra Streisand
41%
It's Oh so quietBjörk
41%
Paper planesM.I.A.
39%
Killing me softlyRoberta Flack
39%
At lastEtta James
37%
Everything is everythingLauryn Hill
32%
Ain't nobodyChaka Khan
30%
LightsEllie Goulding
25%
Mississippi goddamnNina Simone
22%
WhyAnnie Lennox
20%
Give me one reasonTracy Chapman
19%
God bless the childBillie Holiday
16%
I follow riversLykke Li
16%
Carry onNorah Jones
10%
HeartbeatsKarin Dreijer aka Fever Ray (The Knife)
8%
Wir leben immer nochNina Hagen
7%
Paris is burningLadyhawke
6%
Dye my hairAlma
5%
The songs that we singCharlotte Gainsbourg
5%
Cool and boredLCMDF (Le Corps Mince De Françoise)
3%
Drunken butterflyKim Gordon (Sonic Youth/Free Kitten)
1%

Score Distribution

Percentile by Number Answered

Percent of People with Each Score

Your Score History

You have not taken this quiz